| 000 | 00547nam a2200217 a 4500 | ||
|---|---|---|---|
| 999 |
_c59 _d59 |
||
| 001 | 59 | ||
| 003 | BD-JhCC | ||
| 005 | 20171007162041.0 | ||
| 008 | 170925s2010 ||||| ||a| 000 0 eng d | ||
| 035 | _a(BD-JhCC) 59 | ||
| 040 |
_aBD-JhCC _cBD-JhCC _dBD-JhCC |
||
| 041 | _aeng | ||
| 082 |
_a428.34 _bSUR, 2010 |
||
| 100 | _aKumar, Suresh | ||
| 245 |
_aEnglish for Success / _cSuresh kumar |
||
| 260 |
_aIndia _bFoundation Books _c2010 |
||
| 300 |
_a178p _c30cm. |
||
| 650 | _aEnglish Language | ||
| 942 |
_2ddc _cBK |
||